000 01578nam a22001577a 4500
999 _c513977
_d513977
008 200924b ||||| |||| 00| 0 eng d
100 _aSingh, Chetna
_917967
245 _aMetropolitan and peri-urban governance in India: case study of Chennai metropolitan area
260 _aIndian Journal of Public Administration
300 _a66(1), Mar, 2020: p.60-76
520 _aThe rapid growth and economic importance of metropolitan cities is a known fact world over. These cities have increased in number over a period of time and have immense economic importance for their countries. They account for more than half of the world’s wealth. Moreover, some of the larger metropolitan cities in South Asia account for one-third and even more of the national GDP. The fast pace of growth of metropolitan cities and their peri-urban areas and the resulting spatial transformation is one of the most striking features of India’s urban scenario. In this context, planning and basic service provisions are the two components that warrant special attention in metropolitan regions for organised spatial, economic and social development. The present paper emphasises on the need for better service provision in peri-urban areas. It recommends a strategy to govern metropolitan regions so that the peri-urban areas can also get equitable treatment in the development process. - Reproduced
650 _aPeri-urban, Metropolitan, Governance, Planning, Service delivery
_917968
773 _aIndian Journal of Public Administration
906 _aURBAN DEVELOPMENT - INDIA
942 _cAR